| 000 | 00510nam a2200205Ia 4500 | ||
|---|---|---|---|
| 003 | OSt | ||
| 005 | 20240213113911.0 | ||
| 008 | 210210b1982 xxu||||| |||| 00| 0 eng d | ||
| 040 | _cAL | ||
| 041 | _aHindi | ||
| 082 | _aH891.8 SAHI | ||
| 100 |
_a- _9150864 |
||
| 245 |
_aSahity sarita. _b साहित्य सरिता |
||
| 260 |
_aMysore _bPre University _c1982 |
||
| 300 | _a164 | ||
| 650 |
_a II P U C. _9150865 |
||
| 690 |
_aHindi Miscellaneous _9150866 |
||
| 906 | _a035829 | ||
| 942 |
_2ddc _cBK |
||
| 999 |
_c86432 _d86432 |
||